| 000 | 00870cam a2200253 a 4500 | ||
|---|---|---|---|
| 001 | 000024994 | ||
| 005 | 20200930023509.0 | ||
| 008 | 901219s2001 uy ab 000 | spa d | ||
| 020 | _a9974420407 | ||
| 040 |
_aDO-SdBNP _bspa _cBNPHU |
||
| 041 | 1 | 7 |
_afre _hspa |
| 041 | 1 | 7 |
_aeng _hspa |
| 082 |
_a628.114 _bA633c |
||
| 100 | 1 |
_aAntón, Danilo J. _951288 |
|
| 245 | 1 | 0 |
_aCiudades sedientas : _bagua y ambientes urbanos en America latina / _cDanilo J. Antón ; traducción de Alvaro González. |
| 260 |
_aMéxico : _bNordan, _c2001. |
||
| 300 |
_a204 p. : _bil., maps. ; _c24 cm. |
||
| 500 | _aIncluye referencias bibliográficas y notas al pie de páginas | ||
| 650 | 4 |
_aHidrogeología _951289 |
|
| 650 | 4 |
_aRecursos naturales _zAmérica Latina _930346 |
|
| 650 | 4 |
_aAguas subterraneas _951290 |
|
| 650 | 4 |
_aManantiales _951291 |
|
| 700 | 1 |
_aGonzález, Alvaro, _etr. _951292 |
|
| 999 |
_c24487 _d24487 |
||